000
00320pab a2200121 454500
008
180718b xxu||||| |||| 00| 0 eng d
100
_a
Berry, Sebastian
245
_a
Lobbyists: techniques of the political `insiders'
650
_a
Pressure Groups
650
_a
Lobbying
773
_a
Parliamentary Affairs
909
_a
22262
999
_c
22262
_d
22262